LEADER 01338nam 2200385 n 450 001 996384043803316 005 20221108055422.0 035 $a(CKB)1000000000597641 035 $a(EEBO)2240904134 035 $a(UnM)99864382 035 $a(EXLCZ)991000000000597641 100 $a19931108d1644 uy | 101 0 $aeng 135 $aurbn||||a|bb| 200 14$aThe soule of fasting$b[electronic resource] $eor Affections requisite in a day of solemne fasting and humiliation. According to the pattern, Neh. 9.5. &c. By H.P. Imprimatur. Charles Herle 210 $aLondon $cPrinted by M. Simmons for Thomas Underhill at the Bible in Woodstreet$d1644 215 $a[8] p 300 $aH.P. = Herbert Palmer. 300 $aSignatures: A⁴. 300 $aAnnotation on Thomason copy: "Jan: 21:"; "Herbert [P]almer". 300 $aReproduction of the original in the British Library. 330 $aeebo-0018 606 $aDevotional exercises$vEarly works to 1800 606 $aFasting$vEarly works to 1800 615 0$aDevotional exercises 615 0$aFasting 700 $aPalmer$b Herbert$f1601-1647.$0845468 801 0$bCu-RivES 801 1$bCu-RivES 801 2$bCStRLIN 801 2$bWaOLN 906 $aBOOK 912 $a996384043803316 996 $aThe soule of fasting$92377362 997 $aUNISA